[Event "HUN-chT2 Erkel 1213"]
[Site "Hungary"]
[Date "2012.09.16"]
[Round "1.7"]
[White "Toth, Pal"]
[Black "Mezei, Csaba"]
[Result "0-1"]
[WhiteElo "1985"]
[BlackElo "2105"]
[PlyCount "73"]
[EventDate "2012.09.16"]
[EventType "team-tourn"]
[EventRounds "11"]
[EventCountry "HUN"]
[SourceTitle "EXT 2014"]
[Source "ChessBase"]
[SourceDate "2013.11.20"]
[SourceVersion "1"]
[SourceVersionDate "2013.11.20"]
[SourceQuality "1"]
[WhiteTeam "Andornaktalya"]
[BlackTeam "Pestszentlorinc"]
[WhiteTeamCountry "HUN"]
[BlackTeamCountry "HUN"]

1. e4 c5 2. Nf3 Nf6 3. Nc3 d5 4. exd5 Nxd5 5. Ne4 e6 6. d3 Be7 7. Be2 Nc6 8. 0-0 0-0 9. Bd2 b6 10. Ng3 Bf6 11. Rb1 g6 12. Bh6 Re8 13. Qd2 Bb7 14. Ng5 Nd4 15. N5e4 Nxe2+ 16. Qxe2 Bh8 17. h4 Qc7 18. Qd2 f5 19. Ng5 Nf4 20. Nf3 Nd5 21. h5 Bf6 22. c4 Nb4 23. a3 Nc6 24. Bg5 Bg7 25. hxg6 hxg6 26. Nh4 Kf7 27. Rbe1 Bd4 28. Ne2 Rh8 29. Nf4 Rae8 30. Nhxg6 Rhg8 31. Qe2 Rxg6 32. Qh5 Qxf4 33. Bxf4 Reg8 34. Re2 Ke7 35. Bg3 Rxg3 36. Qh7+ R3g7 37. Qxf5 0-1

[Event "HUN-chT2 Asztalos 1112"]
[Site "Hungary"]
[Date "2012.01.29"]
[Round "5.6"]
[White "Toth, Pal"]
[Black "Barbarics, Tamas"]
[Result "1/2-1/2"]
[WhiteElo "2045"]
[BlackElo "2076"]
[PlyCount "29"]
[EventDate "2011.09.25"]
[EventType "team-tourn"]
[EventRounds "11"]
[EventCountry "HUN"]
[SourceTitle "EXT 2013"]
[Source "ChessBase"]
[SourceDate "2012.11.22"]
[SourceVersion "1"]
[SourceVersionDate "2012.11.22"]
[SourceQuality "1"]
[WhiteTeam "Dombovar"]
[BlackTeam "Decs II"]
[WhiteTeamCountry "HUN"]
[BlackTeamCountry "HUN"]

1. d4 d5 2. c4 c6 3. Nc3 Nf6 4. Nf3 e6 5. Bg5 Be7 6. e3 Nbd7 7. Bd3 h6 8. Bh4 dxc4 9. Bxc4 b5 10. Bd3 Bb7 11. 0-0 0-0 12. Rc1 a6 13. Bb1 c5 14. dxc5 Bxc5 15. Be4 1/2-1/2

[Event "HUN-chT2 Asztalos 1011"]
[Site "Hungary"]
[Date "2011.04.10"]
[Round "8.4"]
[White "Vrban, Damir"]
[Black "Toth, Pal"]
[Result "1/2-1/2"]
[WhiteElo "2164"]
[BlackElo "2076"]
[PlyCount "136"]
[EventDate "2010.09.12"]
[EventType "team-tourn"]
[EventRounds "11"]
[EventCountry "HUN"]
[SourceTitle "EXT 2012"]
[Source "ChessBase"]
[SourceDate "2011.11.24"]
[SourceVersion "1"]
[SourceVersionDate "2011.11.24"]
[SourceQuality "1"]
[WhiteTeam "Nagyatad"]
[BlackTeam "Dombovar"]
[WhiteTeamCountry "HUN"]
[BlackTeamCountry "HUN"]

1. g3 d5 2. Bg2 c6 3. d3 g6 4. Nf3 Bg7 5. 0-0 Nf6 6. Qe1 0-0 7. e4 dxe4 8. dxe4 Nfd7 9. Nc3 Qa5 10. Bd2 Qb6 11. b3 Ne5 12. Nxe5 Bxe5 13. Kh1 Bg7 14. f4 e5 15. f5 Nd7 16. Rd1 Qd8 17. h4 h6 18. Be3 g5 19. f6 Bxf6 20. Bh3 Bg7 21. Qd2 Qe7 22. hxg5 hxg5 23. Bxg5 f6 24. Be3 Nc5 25. Bf5 Bxf5 26. Rxf5 Ne6 27. Qd7 Rf7 28. Qxe7 Rxe7 29. Ne2 Kf7 30. Kg2 a6 31. g4 Rd8 32. Rxd8 Nxd8 33. g5 Kg6 34. Ng3 Re6 35. gxf6 Bxf6 36. Rh5 Nf7 37. Rh1 Rd6 38. Kf2 Bg5 39. Bxg5 Nxg5 40. Rh6+ Kxh6 41. Nf5+ Kg6 42. Nxd6 Kf6 43. Nxb7 Nxe4+ 44. Ke3 Nc3 45. Nc5 a5 46. a4 Kf5 47. Nb7 Nd5+ 48. Kd2 e4 49. Nxa5 c5 50. Nb7 e3+ 51. Ke2 Kf4 52. Nxc5 Nc3+ 53. Ke1 Ke5 54. Nd3+ Kd4 55. Nb2 Nd5 56. Nd1 Nf4 57. Nxe3 Kxe3 58. a5 Nd5 59. a6 Nb6 60. c4 Kd3 61. Kf2 Kc3 62. Ke3 Kxb3 63. c5 Na8 64. c6 Kc4 65. a7 Nc7 66. Ke4 Kc5 67. a8Q Nxa8 68. c7 Nxc7 1/2-1/2

[Event "HUN-chT2 Asztalos 1011"]
[Site "Hungary"]
[Date "2011.03.27"]
[Round "7.4"]
[White "Toth, Pal"]
[Black "Brindza, Istvan"]
[Result "0-1"]
[WhiteElo "2076"]
[BlackElo "2007"]
[PlyCount "56"]
[EventDate "2010.09.12"]
[EventType "team-tourn"]
[EventRounds "11"]
[EventCountry "HUN"]
[SourceTitle "EXT 2012"]
[Source "ChessBase"]
[SourceDate "2011.11.24"]
[SourceVersion "1"]
[SourceVersionDate "2011.11.24"]
[SourceQuality "1"]
[WhiteTeam "Dombovar"]
[BlackTeam "Baja"]
[WhiteTeamCountry "HUN"]
[BlackTeamCountry "HUN"]

1. d4 Nf6 2. c4 c5 3. d5 b5 4. Nf3 a6 5. Qc2 d6 6. e4 Qb6 7. h3 g6 8. Bd3 Bg7 9. 0-0 0-0 10. a4 b4 11. Bf4 e5 12. dxe6 fxe6 13. Be3 e5 14. Nfd2 Nh5 15. Be2 Nf4 16. Qd1 Nc6 17. Nb3 Be6 18. Bxf4 exf4 19. Qxd6 Bxh3 20. gxh3 f3 21. Bd1 Be5 22. a5 Qb7 23. Nxc5 Qg7 24. Qxc6 Rac8 25. Qd5+ Kh8 26. Nd3 Bd4 27. Nd2 Rf5 28. exf5 gxf5+ 0-1

[Event "HUN-chT2 Erkel 0910"]
[Site "Hungary"]
[Date "2010.02.14"]
[Round "6.9"]
[White "Fischer, Anita"]
[Black "Toth, Pal"]
[Result "1-0"]
[WhiteElo "1806"]
[BlackElo "2038"]
[PlyCount "105"]
[EventDate "2009.11.08"]
[EventType "team-tourn"]
[EventRounds "11"]
[EventCountry "HUN"]
[SourceTitle "EXT 2011"]
[Source "ChessBase"]
[SourceDate "2010.11.26"]
[SourceVersion "1"]
[SourceVersionDate "2010.11.26"]
[SourceQuality "1"]
[WhiteTeam "Barcza"]
[BlackTeam "Paszto"]
[WhiteTeamCountry "HUN"]
[BlackTeamCountry "HUN"]

1. e4 e5 2. Nf3 Nc6 3. Bc4 Nf6 4. Nc3 Bc5 5. d3 h6 6. 0-0 0-0 7. Be3 Bxe3 8. fxe3 d6 9. a3 Bg4 10. Qe1 Ne7 11. Qg3 Qd7 12. Nh4 Kh7 13. d4 Nh5 14. Qf2 g5 15. Nf5 Bxf5 16. exf5 exd4 17. exd4 d5 18. f6 dxc4 19. fxe7 Qxe7 20. Qf5+ Kg8 21. Rae1 Qd6 22. Nd5 Rad8 23. Ne7+ Kh8 24. c3 Rde8 25. Qe5+ Qxe5 26. Rxe5 Nf4 27. Rfe1 Kh7 28. Nd5 Rxe5 29. Rxe5 Nd3 30. Re2 c6 31. Nb4 Nf4 32. Re7 a5 33. Rxb7 axb4 34. Rxb4 Re8 35. Rxc4 Nd3 36. h3 Re6 37. b4 Kg6 38. a4 Kh5 39. a5 g4 40. hxg4+ Kh4 41. Kh2 Re2 42. d5 cxd5 43. Rd4 Ne5 44. Kg1 Kg3 45. Kf1 Rf2+ 46. Ke1 Rc2 47. Rxd5 Nxg4 48. Rd3+ Kf4 49. Rf3+ Ke4 50. Rxf7 Rxc3 51. a6 Kd5 52. Rd7+ Kc6 53. Rb7 1-0

[Event "HUN-chT2 Asztalos 0910"]
[Site "Hungary"]
[Date "2010.02.14"]
[Round "6"]
[White "Toth, Pal"]
[Black "Kadar, Gabor"]
[Result "0-1"]
[WhiteElo "2139"]
[BlackElo "2196"]
[PlyCount "79"]
[EventDate "2009.11.08"]
[EventType "team-tourn"]
[EventRounds "11"]
[EventCountry "HUN"]
[SourceTitle "EXT 2011"]
[Source "ChessBase"]
[SourceDate "2010.11.26"]
[SourceVersion "1"]
[SourceVersionDate "2010.11.26"]
[SourceQuality "1"]
[WhiteTeam "Dombovar"]
[BlackTeam "Komlo"]
[WhiteTeamCountry "HUN"]
[BlackTeamCountry "HUN"]

1. d4 Nf6 2. c4 g6 3. Nc3 Bg7 4. e4 d6 5. Nf3 0-0 6. Be2 Na6 7. Bg5 c5 8. d5 Nc7 9. 0-0 h6 10. Bh4 g5 11. Bg3 Nh5 12. Nd2 Nf4 13. Bf3 e5 14. h3 Ne8 15. Bg4 Nf6 16. Bxc8 Qxc8 17. Kh2 h5 18. f3 h4 19. Bf2 N6h5 20. Qc2 Nxg2 21. Ne2 Ngf4 22. Ng1 Bf6 23. Rfe1 Kg7 24. Nf1 Rh8 25. Ne3 Qd7 26. Nf5+ Kg6 27. Rab1 Bd8 28. a3 Rc8 29. b3 Ng7 30. Ne3 a6 31. Rb2 Bb6 32. Reb1 a5 33. Rf1 Rhf8 34. Be1 f5 35. Qb1 Kh6 36. Bd2 Bd8 37. Rf2 Nfh5 38. Rg2 Ng3 39. Be1 N7h5 40. Ne2 0-1

[Event "HUN-chT2 Asztalos 0809"]
[Site "Hungary"]
[Date "2009.02.08"]
[Round "7"]
[White "Arato, Bela"]
[Black "Toth, Pal"]
[Result "1-0"]
[WhiteElo "2156"]
[BlackElo "2139"]
[PlyCount "120"]
[EventDate "2008.10.26"]
[EventType "team-tourn"]
[EventRounds "11"]
[EventCountry "HUN"]
[SourceTitle "EXT 2010"]
[Source "ChessBase"]
[SourceDate "2010.11.25"]
[SourceVersion "1"]
[SourceVersionDate "2010.11.25"]
[SourceQuality "1"]
[WhiteTeam "Mohacs"]
[BlackTeam "Tamasi Szabadido"]
[WhiteTeamCountry "HUN"]
[BlackTeamCountry "HUN"]

1. e4 c5 2. Nf3 d6 3. d4 cxd4 4. Nxd4 Nf6 5. Nc3 a6 6. Be3 Ng4 7. Bc1 Nc6 8. f3 Nge5 9. Nxc6 bxc6 10. f4 Nd7 11. Be3 Bb7 12. Bc4 e6 13. Qe2 Nb6 14. Bb3 a5 15. Qf2 Nd7 16. 0-0-0 Be7 17. h4 Qc7 18. f5 e5 19. Qg3 Rg8 20. h5 Nf6 21. Bg5 a4 22. Bxa4 Rxa4 23. Bxf6 Rb4 24. Bxe7 Qxe7 25. Rd2 c5 26. Rhd1 Rb6 27. Nd5 Bxd5 28. Rxd5 f6 29. Qd3 g6 30. fxg6 hxg6 31. hxg6 Rxg6 32. Rxd6 Rxd6 33. Qxd6 Qxd6 34. Rxd6 Ke7 35. Rc6 Rxg2 36. Rxc5 Rg4 37. Rc4 f5 38. a4 f4 39. Rc3 Rg3 40. Kd2 Rg6 41. b4 Rg2+ 42. Ke1 Rg1+ 43. Kf2 Ra1 44. a5 Ra4 45. Rc4 Kd6 46. c3 Ra2+ 47. Kf3 Ra1 48. Rc5 Ra3 49. Kg4 Ra1 50. Rd5+ Ke6 51. Rb5 Ra3 52. Rb6+ Kd7 53. Kf5 Rxc3 54. Kxe5 f3 55. Rf6 Rc4 56. Rxf3 Rxb4 57. Ra3 Kc7 58. a6 Kb8 59. a7+ Ka8 60. Kf5 Rb2 1-0

[Event "HUN-chT2 Asztalos 0809"]
[Site "Hungary"]
[Date "2009.01.11"]
[Round "5"]
[White "Toth, Pal"]
[Black "Vrban, Stjepan"]
[Result "1/2-1/2"]
[WhiteElo "2139"]
[BlackElo "2147"]
[PlyCount "20"]
[EventDate "2008.10.26"]
[EventType "team-tourn"]
[EventRounds "11"]
[EventCountry "HUN"]
[SourceTitle "EXT 2010"]
[Source "ChessBase"]
[SourceDate "2010.11.25"]
[SourceVersion "1"]
[SourceVersionDate "2010.11.25"]
[SourceQuality "1"]
[WhiteTeam "Tamasi Szabadido"]
[BlackTeam "Nagyatad"]
[WhiteTeamCountry "HUN"]
[BlackTeamCountry "HUN"]

1. d4 d5 2. c4 e6 3. Nf3 c6 4. Nc3 f5 5. e3 Nf6 6. Bd3 Bd6 7. b3 0-0 8. Bb2 Nbd7 9. cxd5 cxd5 10. 0-0 a6 1/2-1/2

[Event "HUN-chT2 Asztalos 0809"]
[Site "Hungary"]
[Date "2008.12.21"]
[Round "4"]
[White "Marcsingo, Jozsef"]
[Black "Toth, Pal"]
[Result "1/2-1/2"]
[WhiteElo "1984"]
[BlackElo "2139"]
[PlyCount "29"]
[EventDate "2008.10.26"]
[EventType "team-tourn"]
[EventRounds "11"]
[EventCountry "HUN"]
[SourceTitle "EXT 2010"]
[Source "ChessBase"]
[SourceDate "2010.11.25"]
[SourceVersion "1"]
[SourceVersionDate "2010.11.25"]
[SourceQuality "1"]
[WhiteTeam "Szenna Pack II"]
[BlackTeam "Tamasi Szabadido"]
[WhiteTeamCountry "HUN"]
[BlackTeamCountry "HUN"]

1. e4 c5 2. Nf3 d6 3. d4 cxd4 4. Nxd4 Nf6 5. Nc3 a6 6. Bg5 e6 7. Qd2 Qb6 8. 0-0-0 Nbd7 9. Be3 Qc7 10. Be2 b6 11. g4 Bb7 12. f3 Ne5 13. g5 Nfd7 14. b3 Be7 15. f4 1/2-1/2

[Event "HUN-chT2 Asztalos 0809"]
[Site "Hungary"]
[Date "2008.10.26"]
[Round "1"]
[White "Toth, Pal"]
[Black "Akots, Gabor"]
[Result "0-1"]
[WhiteElo "2139"]
[BlackElo "2245"]
[PlyCount "56"]
[EventDate "2008.10.26"]
[EventType "team-tourn"]
[EventRounds "11"]
[EventCountry "HUN"]
[SourceTitle "EXT 2010"]
[Source "ChessBase"]
[SourceDate "2010.11.25"]
[SourceVersion "1"]
[SourceVersionDate "2010.11.25"]
[SourceQuality "1"]
[WhiteTeam "Tamasi Szabadido"]
[BlackTeam "MAV Elore"]
[WhiteTeamCountry "HUN"]
[BlackTeamCountry "HUN"]

1. d4 d5 2. c4 dxc4 3. e4 e5 4. Nf3 exd4 5. Qxd4 Qxd4 6. Nxd4 Nf6 7. f3 Bc5 8. Nb5 Na6 9. Bxc4 c6 10. N5a3 Nb4 11. Nc3 b5 12. Be2 Be6 13. Bg5 Nd7 14. f4 f6 15. Bh4 Be3 16. Rf1 0-0-0 17. Rf3 Bxf4 18. Rxf4 g5 19. Rf3 gxh4 20. Kf1 h3 21. gxh3 Ne5 22. Rg3 Rhg8 23. Bg4 Bxg4 24. hxg4 Rxg4 25. Rxg4 Nxg4 26. h3 Ne5 27. Ne2 Rd3 28. Ng1 Rd2 0-1

[Event "HUN-chT2 Asztalos 0708"]
[Site "Hungary"]
[Date "2008.04.27"]
[Round "10"]
[White "Toth, Pal"]
[Black "Arato, Bela"]
[Result "1/2-1/2"]
[WhiteElo "2135"]
[BlackElo "2140"]
[PlyCount "41"]
[EventDate "2007.10.14"]
[EventType "team"]
[EventRounds "11"]
[EventCountry "HUN"]
[SourceTitle "EXT 2009"]
[Source "ChessBase"]
[SourceDate "2008.11.26"]
[SourceVersion "1"]
[SourceVersionDate "2008.11.26"]
[SourceQuality "1"]
[WhiteTeam "Koppany"]
[BlackTeam "Mohacs"]
[WhiteTeamCountry "HUN"]
[BlackTeamCountry "HUN"]

1. d4 Nf6 2. Nf3 g6 3. c4 c5 4. d5 b5 5. cxb5 a6 6. e3 d6 7. Nc3 Bg7 8. e4 0-0 9. Bf4 axb5 10. Bxb5 Nxe4 11. 0-0 Nxc3 12. bxc3 Bxc3 13. Bh6 Bxa1 14. Qxa1 f6 15. Ng5 Qa5 16. a4 Ba6 17. Re1 Ra7 18. Bxf8 Kxf8 19. Nxh7+ Kg7 20. Rxe7+ Rxe7 21. Qxf6+ 1/2-1/2

[Event "HUN-chT2 Asztalos 0708"]
[Site "Hungary"]
[Date "2007.12.09"]
[Round "4"]
[White "Lizak, Peter"]
[Black "Toth, Pal"]
[Result "1-0"]
[WhiteElo "2176"]
[BlackElo "2135"]
[PlyCount "75"]
[EventDate "2007.10.14"]
[EventType "team"]
[EventRounds "11"]
[EventCountry "HUN"]
[SourceTitle "EXT 2009"]
[Source "ChessBase"]
[SourceDate "2008.11.26"]
[SourceVersion "1"]
[SourceVersionDate "2008.11.26"]
[SourceQuality "1"]
[WhiteTeam "Paks ASE"]
[BlackTeam "Koppany"]
[WhiteTeamCountry "HUN"]
[BlackTeamCountry "HUN"]

1. d4 d5 2. c4 c6 3. Nf3 Nf6 4. Nc3 e6 5. e3 Nbd7 6. Qc2 Bd6 7. b3 0-0 8. Be2 dxc4 9. bxc4 e5 10. 0-0 Re8 11. a4 exd4 12. exd4 Bb4 13. Bd3 Nf8 14. h3 Ne6 15. Rd1 Qc7 16. Ne2 a5 17. Ng5 Nf8 18. Bf4 Bd6 19. Bxd6 Qxd6 20. Rab1 h6 21. Nf3 Ne6 22. Rb3 Nf4 23. Nxf4 Qxf4 24. Qd2 Qxd2 25. Rxd2 Nh5 26. g3 Re7 27. Kg2 Nf6 28. Re2 Rxe2 29. Bxe2 Kf8 30. Ne5 g6 31. c5 Ke7 32. Bc4 Nd5 33. Bxd5 cxd5 34. Rb6 Ra6 35. Rxa6 bxa6 36. g4 g5 37. f4 f6 38. fxg5 1-0

[Event "HUN-chT2 Asztalos 0708"]
[Site "Hungary"]
[Date "2007.11.11"]
[Round "2"]
[White "Toth, Pal"]
[Black "Szaz, Ferenc"]
[Result "1-0"]
[WhiteElo "2135"]
[BlackElo "2201"]
[PlyCount "55"]
[EventDate "2007.10.14"]
[EventType "team"]
[EventRounds "11"]
[EventCountry "HUN"]
[SourceTitle "EXT 2009"]
[Source "ChessBase"]
[SourceDate "2008.11.26"]
[SourceVersion "1"]
[SourceVersionDate "2008.11.26"]
[SourceQuality "1"]
[WhiteTeam "Koppany"]
[BlackTeam "Komlo Banyasz"]
[WhiteTeamCountry "HUN"]
[BlackTeamCountry "HUN"]

1. d4 Nf6 2. c4 c5 3. d5 b5 4. Nf3 Bb7 5. Nbd2 bxc4 6. e4 e6 7. dxe6 fxe6 8. e5 c3 9. bxc3 Ne4 10. Nxe4 Bxe4 11. Ng5 Bg6 12. Bd3 Bxd3 13. Qxd3 Nc6 14. f4 g6 15. Be3 Be7 16. h4 Rc8 17. Rd1 Rc7 18. Qe4 Bxg5 19. hxg5 Ne7 20. c4 0-0 21. 0-0 Rf7 22. Rb1 Nf5 23. Bf2 d5 24. exd6 Qxd6 25. Rfd1 Nd4 26. Bxd4 cxd4 27. Qxd4 Qxf4 28. Rb8+ 1-0

[Event "HUN-chT2 Erkel 0607"]
[Site "Hungary"]
[Date "2007.05.06"]
[Round "10"]
[White "Toth, Pal"]
[Black "Toth, Tihamer"]
[Result "0-1"]
[WhiteElo "2142"]
[BlackElo "2081"]
[PlyCount "66"]
[EventDate "2006.11.12"]
[EventType "team"]
[EventRounds "11"]
[EventCountry "HUN"]
[SourceTitle "EXT 2008"]
[Source "ChessBase"]
[SourceDate "2007.11.25"]
[SourceVersion "1"]
[SourceVersionDate "2007.11.25"]
[SourceQuality "1"]
[WhiteTeam "Paszto"]
[BlackTeam "Hobagoly"]
[WhiteTeamCountry "HUN"]
[BlackTeamCountry "HUN"]

1. e4 e6 2. Nf3 d5 3. Nc3 Nf6 4. e5 Nfd7 5. d4 c5 6. Be3 a6 7. Ne2 cxd4 8. Bxd4 Nc6 9. Qd2 Bb4 10. c3 Nxd4 11. Nexd4 Be7 12. Bd3 Qc7 13. Qe3 0-0 14. 0-0 Nc5 15. Bc2 Bd7 16. h4 Rae8 17. h5 f5 18. Ne2 Ne4 19. Nf4 Bc5 20. Nd4 Qxe5 21. f3 Qd6 22. fxe4 e5 23. Nxd5 exd4 24. cxd4 Ba7 25. Rad1 Kh8 26. Qg5 fxe4 27. Nf4 Rf5 28. Qg3 Qh6 29. Qg4 Rd5 30. Qg3 Rxd4 31. Rxd4 Bxd4+ 32. Kh1 Bc6 33. Bb3 Bxb2 0-1

[Event "HUN-chT2 Asztalos 0607"]
[Site "Hungary"]
[Date "2007.05.06"]
[Round "10"]
[White "Toth, Pal"]
[Black "Vargyas, Zoltan"]
[Result "0-1"]
[WhiteElo "2142"]
[BlackElo "2160"]
[PlyCount "46"]
[EventDate "2006.11.12"]
[EventType "team"]
[EventRounds "11"]
[EventCountry "HUN"]
[SourceTitle "EXT 2008"]
[Source "ChessBase"]
[SourceDate "2007.11.25"]
[SourceVersion "1"]
[SourceVersionDate "2007.11.25"]
[SourceQuality "1"]
[WhiteTeam "Koppany"]
[BlackTeam "Szenna Pack II"]
[WhiteTeamCountry "HUN"]
[BlackTeamCountry "HUN"]

1. d4 d5 2. c4 e5 3. e3 exd4 4. Qxd4 Nf6 5. cxd5 Nxd5 6. e4 Nb4 7. Qxd8+ Kxd8 8. Na3 Be6 9. b3 Bd6 10. Bb2 Nd7 11. Nf3 f6 12. Nd4 Bf7 13. Ndc2 Re8 14. f3 Ne5 15. Kd2 c6 16. Nxb4 Bxb4+ 17. Kc1 a5 18. Nc2 Bc5 19. Be2 Kc7 20. Bd4 Bd6 21. Ne3 a4 22. Kc2 b5 23. Rhd1 Ra5 0-1

[Event "HUN-chT2 Asztalos 0607"]
[Site "Hungary"]
[Date "2007.04.15"]
[Round "8"]
[White "Toth, Pal"]
[Black "Pap, Peter"]
[Result "0-1"]
[WhiteElo "2142"]
[BlackElo "2084"]
[PlyCount "76"]
[EventDate "2006.11.12"]
[EventType "team"]
[EventRounds "11"]
[EventCountry "HUN"]
[SourceTitle "EXT 2008"]
[Source "ChessBase"]
[SourceDate "2007.11.25"]
[SourceVersion "1"]
[SourceVersionDate "2007.11.25"]
[SourceQuality "1"]
[WhiteTeam "Koppany"]
[BlackTeam "OK Travel"]
[WhiteTeamCountry "HUN"]
[BlackTeamCountry "HUN"]

1. d4 Nf6 2. c4 g6 3. Nc3 d5 4. cxd5 Nxd5 5. e4 Nxc3 6. bxc3 Bg7 7. Bc4 c5 8. Be3 Nc6 9. Ne2 0-0 10. 0-0 Qc7 11. Rc1 Rd8 12. Qd2 b6 13. f3 Bb7 14. Rfd1 Rd7 15. Qe1 Na5 16. Bd3 Rad8 17. Bf4 Qc6 18. d5 Qa4 19. c4 Ba6 20. Nc3 Qa3 21. Rc2 Nxc4 22. Nb1 Qa4 23. Qe2 Bd4+ 24. Kh1 b5 25. Nc3 Bxc3 26. Rxc3 Nb2 27. Bc2 Nxd1 28. Bxa4 Nxc3 29. Qb2 Nxa4 30. Qe5 Nb6 31. Bh6 f6 32. Qe6+ Kh8 33. h4 Bc8 34. g4 Rxd5 35. Qxe7 R5d7 36. Qxf6+ Kg8 37. Qc6 Rf7 38. Kg2 Bb7 0-1

[Event "HUN-chT2 Asztalos 0607"]
[Site "Hungary"]
[Date "2007.02.18"]
[Round "5"]
[White "Bene, Zoltan"]
[Black "Toth, Pal"]
[Result "1-0"]
[WhiteElo "2185"]
[BlackElo "2142"]
[PlyCount "67"]
[EventDate "2006.11.12"]
[EventType "team"]
[EventRounds "11"]
[EventCountry "HUN"]
[SourceTitle "EXT 2008"]
[Source "ChessBase"]
[SourceDate "2007.11.25"]
[SourceVersion "1"]
[SourceVersionDate "2007.11.25"]
[SourceQuality "1"]
[WhiteTeam "Pannonpower II"]
[BlackTeam "Koppany"]
[WhiteTeamCountry "HUN"]
[BlackTeamCountry "HUN"]

1. d4 d5 2. c4 c6 3. Nf3 Nf6 4. Nc3 a6 5. c5 g6 6. Bf4 Bg7 7. e3 0-0 8. h3 Nbd7 9. Bd3 Ne8 10. 0-0 e5 11. dxe5 Nxc5 12. Bc2 Nc7 13. b4 N5e6 14. Bg3 Nb5 15. Ne2 a5 16. a4 Nbc7 17. bxa5 Rxa5 18. Qd2 Na6 19. Nfd4 Nac5 20. f4 Ra8 21. f5 gxf5 22. Nxf5 Ng5 23. Nxg7 Kxg7 24. Qd4 Nce4 25. Bh2 c5 26. Qd1 Kg8 27. Nf4 Be6 28. h4 Nc3 29. Qe1 Nge4 30. Nh5 b5 31. Nf6+ Kh8 32. Bxe4 Nxe4 33. Nxe4 dxe4 34. Bf4 1-0

[Event "HUN-chT2 Erkel 0607"]
[Site "Hungary"]
[Date "2007.02.18"]
[Round "5"]
[White "Zanaty, Zsolt"]
[Black "Toth, Pal"]
[Result "1-0"]
[WhiteElo "2174"]
[BlackElo "2141"]
[PlyCount "59"]
[EventDate "2006.11.12"]
[EventType "team"]
[EventRounds "11"]
[EventCountry "HUN"]
[SourceTitle "EXT 2008"]
[Source "ChessBase"]
[SourceDate "2007.11.25"]
[SourceVersion "1"]
[SourceVersionDate "2007.11.25"]
[SourceQuality "1"]
[WhiteTeam "MAFC"]
[BlackTeam "Paszto"]
[WhiteTeamCountry "HUN"]
[BlackTeamCountry "HUN"]

1. e4 c6 2. d4 d5 3. Nc3 dxe4 4. Nxe4 Nf6 5. Nxf6+ exf6 6. Nf3 Bd6 7. Be2 0-0 8. 0-0 Be6 9. c4 Qc7 10. Qc2 Nd7 11. b3 Rfe8 12. a4 Nf8 13. Ba3 Bxa3 14. Rxa3 Ng6 15. Bd3 Bg4 16. Bxg6 fxg6 17. Qc3 Rad8 18. Raa1 Re4 19. h3 Bxf3 20. Qxf3 Rexd4 21. Rae1 Rd3 22. Re3 Qd6 23. Rfe1 h6 24. g3 Kh7 25. Kg2 Rxe3 26. Qxe3 b6 27. a5 c5 28. Qe7 Qxe7 29. Rxe7 Rd3 30. Rxa7 1-0

[Event "HUN-chT2 Erkel 0607"]
[Site "Hungary"]
[Date "2006.11.12"]
[Round "1"]
[White "Horvath, Jeno Kalman"]
[Black "Toth, Pal"]
[Result "1-0"]
[WhiteElo "2122"]
[BlackElo "2141"]
[PlyCount "81"]
[EventDate "2006.11.12"]
[EventType "team"]
[EventRounds "11"]
[EventCountry "HUN"]
[SourceTitle "EXT 2008"]
[Source "ChessBase"]
[SourceDate "2007.11.25"]
[SourceVersion "1"]
[SourceVersionDate "2007.11.25"]
[SourceQuality "1"]
[WhiteTeam "Foti"]
[BlackTeam "Paszto"]
[WhiteTeamCountry "HUN"]
[BlackTeamCountry "HUN"]

1. e4 c6 2. d4 d5 3. exd5 cxd5 4. c3 Nc6 5. Bf4 Nf6 6. Bd3 g6 7. Nf3 Qb6 8. Qb3 Qxb3 9. axb3 Nh5 10. Be3 f5 11. b4 f4 12. Bc1 Bg4 13. b5 Bxf3 14. bxc6 bxc6 15. gxf3 Bg7 16. Ra6 Kd7 17. Nd2 e5 18. dxe5 Bxe5 19. 0-0 Ng7 20. Nb3 Ne6 21. Re1 Bd6 22. Bf1 Ng5 23. Bg2 Rhb8 24. Nd4 Rb6 25. Ra4 Nf7 26. Bh3+ Kc7 27. Bxf4 Bxf4 28. Re7+ Kd6 29. Rxf7 Bd2 30. Rd7+ Ke5 31. f4+ Kf6 32. Nf3 Rxb2 33. Ng5 Bxf4 34. Nxh7+ Ke5 35. Re7+ Kd6 36. Re6+ Kc5 37. Rxf4 a5 38. Nf6 a4 39. Nd7+ Kb5 40. Bf1+ Ka5 41. Rxc6 1-0

[Event "HUN-chT2 Asztalos 0506"]
[Site "Hungary"]
[Date "2005.11.13"]
[Round "3"]
[White "Toth, Pal"]
[Black "Varga, Zsolt"]
[Result "0-1"]
[WhiteElo "2139"]
[BlackElo "2125"]
[PlyCount "80"]
[EventDate "2005.10.16"]
[EventType "team"]
[EventRounds "11"]
[EventCountry "HUN"]
[SourceTitle "EXT 2009"]
[Source "ChessBase"]
[SourceDate "2008.11.26"]
[SourceVersion "1"]
[SourceVersionDate "2008.11.26"]
[SourceQuality "1"]
[WhiteTeam "Koppany"]
[BlackTeam "Pecs Karmin"]
[WhiteTeamCountry "HUN"]
[BlackTeamCountry "HUN"]

1. d4 Nf6 2. c4 e6 3. Nf3 b6 4. Nc3 Bb7 5. e3 Be7 6. Bd3 0-0 7. 0-0 d5 8. cxd5 exd5 9. b3 Nbd7 10. Bb2 Ne4 11. Ne5 Bf6 12. Nxd7 Qxd7 13. b4 Be7 14. a3 a5 15. b5 Bd6 16. Qc2 Nf6 17. f3 g6 18. Rae1 c5 19. bxc6 Bxc6 20. Qe2 Qb7 21. Bb5 Rae8 22. Bxc6 Qxc6 23. Nb5 Bb8 24. Qd3 Qe6 25. Re2 Nh5 26. a4 Nf4 27. Qd2 Nxe2+ 28. Qxe2 Qxe3+ 29. Qxe3 Rxe3 30. Bc3 Re2 31. Rf2 Rxf2 32. Kxf2 f5 33. Bd2 Kf7 34. h3 Kf6 35. g3 Rc8 36. Bc3 Rc4 37. Bd2 Ke6 38. Nc3 Bd6 39. g4 Bb4 40. Nb1 Bxd2 0-1

[Event "HUN-chT2 Asztalos 0405"]
[Site "Hungary"]
[Date "2005.02.06"]
[Round "7"]
[White "Toth, Pal"]
[Black "Matrahalmi, Tibor"]
[Result "1/2-1/2"]
[WhiteElo "2138"]
[BlackElo "2135"]
[PlyCount "27"]
[EventDate "2004.09.26"]
[EventType "team"]
[EventRounds "11"]
[EventCountry "HUN"]
[SourceTitle "EXT 2009"]
[Source "ChessBase"]
[SourceDate "2008.11.26"]
[SourceVersion "1"]
[SourceVersionDate "2008.11.26"]
[SourceQuality "1"]
[WhiteTeam "Koppany"]
[BlackTeam "MAV Elore"]
[WhiteTeamCountry "HUN"]
[BlackTeamCountry "HUN"]

1. d4 Nf6 2. c4 g6 3. Nc3 Bg7 4. e4 d6 5. h3 0-0 6. Nf3 e5 7. Be3 Nc6 8. d5 Ne7 9. Bd3 Ne8 10. g4 f5 11. gxf5 gxf5 12. Bg5 Nf6 13. Qd2 Qe8 14. Bh6 1/2-1/2